MARC details
| 000 -LEADER |
| campo de control de longitud fija |
01769nam a2200277Ia 4500 |
| 003 - IDENTIFICADOR DE NÚMERO DE CONTROL |
| campo de control |
OSt |
| 005 - FECHA Y HORA DE LA ÚLTIMA TRANSACCIÓN |
| campo de control |
20241016192331.0 |
| 008 - DATOS DE LONGITUD FIJA--INFORMACIÓN GENERAL |
| campo de control de longitud fija |
140214s2013 ck grn 000 0 spa |
| 020 ## - NÚMERO INTERNACIONAL ESTÁNDAR DEL LIBRO |
| Número Internacional Estándar del Libro |
9789587954364 |
| 040 ## - FUENTE DE CATALOGACIÓN |
| Centro catalogador/agencia de origen |
CO-BoUCM |
| Lengua de catalogación |
spa |
| Centro/agencia transcriptor |
CO-UdeC |
| Centro/agencia modificador |
CO-UdeC |
| 041 0# - CÓDIGO DE IDIOMA |
| Código de lengua del texto/banda sonora o título independiente |
spa |
| 082 04 - NÚMERO DE LA CLASIFICACIÓN DECIMAL DEWEY |
| Número de clasificación |
346.861 |
| Número de ítem |
L435 |
| 100 1# - ENTRADA PRINCIPAL--NOMBRE DE PERSONA |
| Nombre de persona |
Leal Pérez, Hildebrando |
| 9 (RLIN) |
30256 |
| 245 10 - MENCIÓN DEL TÍTULO |
| Título |
Títulos valores : |
| Resto del título |
partes general, especial, procedimental y práctica / |
| Mención de responsabilidad, etc. |
Hildebrando Leal Pérez. |
| 250 ## - MENCION DE EDICION |
| Mención de edición |
16a ed |
| 260 3# - PUBLICACIÓN, DISTRIBUCIÓN, ETC. |
| Lugar de publicación, distribución, etc. |
Bogotá (Colombia) : |
| Nombre del editor, distribuidor, etc. |
Leyer, |
| Fecha de publicación, distribución, etc. |
2024. |
| 300 ## - DESCRIPCIÓN FÍSICA |
| Extensión |
673 p. ; |
| Dimensiones |
25 cm. |
| 504 ## - NOTA DE BIBLIOGRAFÍA, ETC. |
| Nota de bibliografía, etc. Nota |
Incluye índice. |
| 505 00 - NOTA DE CONTENIDO CON FORMATO |
| Nota de contenido con formato |
Teoría general de los títulos valores -- Aspectos generales -- Clasificación de los títulos valores -- El concepto de título valor -- Elementos característicos de los títulos valores -- Formalidades y requisitos de los títulos valores -- El endoso de los títulos valores -- Circulación y negociación de los títulos valores -- El aval y la garantía en los títulos valores -- Los títulos valores en particular -- La letra de cambio -- El pagaré -- El cheque -- Los bonos -- El certificado de depósito y el bono de prenda -- La carta de porte y el conocimiento de embarque -- La factura -- Las acciones de sociedades -- Aspectos procedimentales -- La acción cambiaria -- Excepciones a la acción cambiaria -- La acción causal -- La acción de enriquecimiento cambiario -- Reposición, cancelación y reivindicación de títulos valores -- Aspectos prácticos en materia de títulos valores |
| 650 04 - PUNTO DE ACCESO ADICIONAL DE MATERIA--TÉRMINO DE MATERIA |
| Término de materia o nombre geográfico como elemento de entrada |
Derecho privado |
| 9 (RLIN) |
12819 |
| 650 04 - PUNTO DE ACCESO ADICIONAL DE MATERIA--TÉRMINO DE MATERIA |
| Término de materia o nombre geográfico como elemento de entrada |
Documentos negociables |
| 9 (RLIN) |
13518 |
| 650 04 - PUNTO DE ACCESO ADICIONAL DE MATERIA--TÉRMINO DE MATERIA |
| Término de materia o nombre geográfico como elemento de entrada |
Obligaciones (Derecho) |
| 9 (RLIN) |
20655 |
| 650 04 - PUNTO DE ACCESO ADICIONAL DE MATERIA--TÉRMINO DE MATERIA |
| Término de materia o nombre geográfico como elemento de entrada |
Títulos valores |
| 9 (RLIN) |
25494 |
| Subdivisión geográfica |
Colombia |
| 690 ## - PUNTO DE ACCESO ADICIONAL DE MATERIA LOCAL--TÉRMINO DE MATERIA (OCLC, RLIN) |
| 9 (RLIN) |
42779 |
| Término de materia o nombre geográfico como elemento inicial |
Derecho privado |
| 942 ## - ELEMENTOS DE ENTRADA SECUNDARIOS (KOHA) |
| Tipo de ítem Koha |
Libros |
| Fuente del sistema de clasificación o colocación |
Clasificación Decimal Dewey |
| Parte de la signatura que corresponde a la clasificación (Parte de la clasificación) |
346.861 L435 |